000 01019nam a2200217 a 4500
001 000008387
005 20200929161333.0
008 090916s1946 dr a 001 0 spa d
040 _aDO-SdBNP
_bspa
_cBNPHU
082 _a861.1033
_bG241v
100 1 _aGarrido de Boggs, Edna
_922614
245 1 0 _aVersiones dominicanas de romances españoles /
_crecogidas y anotadas por Edna Garrido.
260 _aCiudad Trujillo, República Dominicana :
_bPol Hermanos,
_c1946.
300 _a110 p. :
_bil, mapas, música ;
_c24 cm.
505 0 _gIntroducción --
_gNotas preliminares --
_tRomances-Siglo XVI --
_tSiglo XVIII --
_tSiglo XIX --
_tExtensión geográfica del romance en la República Dominicana --
_tAddenda --
_tExtensión geográfica de cada romance que figura en este trabajo --
_gBibliografía.
650 4 _aRomanceros españoles
_xColecciones
_922615
650 4 _aRomanceros españoles
_xHistoria y crítica
_922616
650 4 _aLiteratura española
_9632
910 _aValidado. Control de calidad EMS
049 _aBNPD
999 _c8158
_d8158